Größte Gemeinden Österreichs mit "E" - Statistiken

Allgemein
  • Dieses Quiz wurde 68 mal gespielt
    67 seit der letzten Aktualisierung
  • Das Durchschnittsergebnis liegt bei 4 aus 10
Antwortstatistiken
Einwohner Bezirk Gemeinde % Korrekt
14.637 Eisenstadt Eisenstadt
100%
12.035 Linz-Land Enns
89%
11.084 Baden Ebreichsdorf
67%
7.670 Gmunden Ebensee am Traunsee
43%
6.962 Salzburg-Umgebung Eugendorf
30%
8.005 Klagenfurt-Land Ebenthal in Kärnten
24%
8.811 Urfahr-Umgebung Engerwitzdorf
22%
6.446 Deutschlandsberg Eibiswald
20%
5.628 Kufstein Ebbs
11%
6.669 Graz-Umgebung Eggersdorf bei Graz
7%
Keine übereinstimmenden Quizze gefunden
Verteilung der Resultate
Anzahl Personen mit jedem Resultat
Perzentil nach korrekt beantworteten Fragen
Ihre Resultats-Entwicklung
Sie haben dieses Quiz seit der letzten Aktualisierung nicht gespielt